Ricostruisci la Carriera del Calciatore - Fred - Statistics

Statistiche generali
  • Questo quiz è stato fatto 3 volte
  • Il punteggio medio è 4 su 7
Statistiche sulle risposte
Hint Risposta % Corretto
2001-2004 América-MG
100%
2009-2016 Fluminense
100%
2016-2017 Atlético Mineiro
50%
2004-2005 Cruzeiro
50%
2020-2022 Fluminense
50%
2018-2020 Cruzeiro
0%
2005-2009 Olympique Lione
0%
Nessun quiz corrispondente trovato
Distribuzione punteggi
Percentuale di utenti per punteggio
Percentile per numero di risposta
I tuoi punteggi nel tempo
Non hai fatto questo quiz